[Event "Lichtenrader Herbst 2014"]
[Site "Berlin-Lichtenrade"]
[Date "2014.10.19"]
[Round "2.19"]
[White "Federau, Juergen"]
[Black "Jaeger, Andre"]
[Result "1/2-1/2"]
[WhiteElo "2186"]
[BlackElo "1950"]
[PlyCount "98"]
[EventDate "2014.??.??"]

1. d4 Nf6 2. c4 d6 3. Nc3 Bf5 4. f3 e5 5. dxe5 dxe5 6. Qxd8+ Kxd8 7. e4 Be6 8.
Be3 c6 9. O-O-O+ Kc7 10. Kb1 Na6 11. Rc1 Bc5 12. Bxc5 Nxc5 13. Nd5+ cxd5 14.
cxd5 Kb6 15. dxe6 Nxe6 16. Bc4 Rhd8 17. Bxe6 fxe6 18. Ne2 Rd2 19. Rc2 Rad8 20.
Kc1 Rxc2+ 21. Kxc2 Nh5 22. Nc1 Nf4 23. g3 Ng2 24. Nd3 Ne3+ 25. Kd2 Nc4+ 26. Ke2
Rc8 27. Rd1 Kb5 28. b3 Na5 29. Nxe5 Rc2+ 30. Rd2 Rxd2+ 31. Kxd2 Kb4 32. Kc1 Kc3
33. Nd7 h6 34. e5 Nc6 35. f4 Nb4 36. Nc5 Nxa2+ 37. Kb1 Nb4 38. Nxe6 a5 39. Nc5
b6 40. e6 Nc6 41. Na4+ Kxb3 42. Nxb6 Ne7 43. Nd7 Kc4 44. g4 g6 45. Ne5+ Kd5 46.
Nf7 Ke4 47. f5 gxf5 48. gxf5 Kxf5 49. Nxh6+ Kxe6 1/2-1/2

[Event "Lichtenrader Herbst 2014"]
[Site "Berlin-Lichtenrade"]
[Date "2014.10.19"]
[Round "2.20"]
[White "Baranowsky, Peter"]
[Black "Schmidek, Emil"]
[Result "0-1"]
[WhiteElo "2009"]
[BlackElo "2108"]
[PlyCount "88"]
[EventDate "2014.??.??"]

1. d4 Nf6 2. c4 g6 3. Nc3 d5 4. Nf3 Bg7 5. Bf4 O-O 6. cxd5 Nxd5 7. Nxd5 Qxd5 8.
e3 c5 9. Be5 Nc6 10. Bxg7 Kxg7 11. dxc5 Qxc5 12. Qc1 Qb4+ 13. Qd2 Rd8 14. Qc3+
Qxc3+ 15. bxc3 Bf5 16. Be2 Be4 17. O-O Bd3 18. Bxd3 Rxd3 19. Rfc1 Na5 20. Kf1
Rc8 21. c4 Rxc4 22. Ke2 Ra3 23. Kd2 Rca4 24. Rc2 Rg4 25. Rac1 Rxg2 26. Ke2 Rg4
27. Nd4 Nc6 28. Nxc6 bxc6 29. Rxc6 Rxa2+ 30. Kf3 Rb4 31. R1c2 Rxc2 32. Rxc2 Ra4
33. Rc6 a5 34. Ra6 Ra2 35. Kg3 h5 36. h4 a4 37. f4 a3 38. Kf3 Ra1 39. Ke4 a2
40. Ra7 f5+ 41. Ke5 Kf7 42. Ra3 Re1 43. Rxa2 Rxe3+ 44. Kd5 Rh3 0-1

[Event "Lichtenrader Herbst 2014"]
[Site "Berlin-Lichtenrade"]
[Date "2014.10.20"]
[Round "3.1"]
[White "Perunovic, Milos"]
[Black "Bolk, Matthias"]
[Result "1-0"]
[WhiteElo "2620"]
[BlackElo "2095"]
[PlyCount "71"]
[EventDate "2014.??.??"]

1. e4 c5 2. Nf3 d6 3. d4 cxd4 4. Nxd4 Nf6 5. Nc3 g6 6. Be3 Bg7 7. f3 Nc6 8. Qd2
Bd7 9. O-O-O h5 10. h3 Rc8 11. Kb1 h4 12. Nxc6 bxc6 13. Bc4 Qa5 14. Rhe1 Rb8
15. Bb3 c5 16. e5 dxe5 17. Ne4 Qxd2 18. Rxd2 Nxe4 19. fxe4 Bc6 20. Bxc5 a5 21.
Bd5 Bxd5 22. Rxd5 e6 23. Rd6 Bf8 24. Rb6 Rxb6 25. Bxb6 a4 26. Rd1 Be7 27. c4 f5
28. c5 Kf7 29. c6 Rc8 30. c7 Ke8 31. b4 axb3 32. axb3 fxe4 33. Rd8+ Bxd8 34.
cxd8=Q+ Rxd8 35. Bxd8 Kxd8 36. Kc2 1-0

[Event "Lichtenrader Herbst 2014"]
[Site "Berlin-Lichtenrade"]
[Date "2014.10.20"]
[Round "3.2"]
[White "Schmidek, Emil"]
[Black "Danin, Alexandre"]
[Result "0-1"]
[WhiteElo "2108"]
[BlackElo "2564"]
[PlyCount "114"]
[EventDate "2014.??.??"]

1. e4 c5 2. Nf3 d6 3. d4 cxd4 4. Nxd4 Nf6 5. Nc3 a6 6. Bg5 e6 7. f4 Be7 8. Qf3
h6 9. Bh4 Qc7 10. O-O-O Nbd7 11. Bd3 g5 12. fxg5 Ne5 13. Qe2 Nfg4 14. Nf3 hxg5
15. Bg3 Bd7 16. h3 Nf6 17. Nxe5 dxe5 18. Bf2 Nh5 19. Qf3 Nf4 20. g3 Nxd3+ 21.
Rxd3 Bc6 22. Rf1 Rh7 23. Kb1 Rc8 24. Qd1 Rxh3 25. Rh1 Rxh1 26. Qxh1 Bf8 27. Be3
f6 28. Rd2 Qf7 29. Rf2 Qg6 30. Qh3 Kf7 31. Qg4 Rd8 32. Qxg5 Qxg5 33. Bxg5 Be7
34. Be3 Rg8 35. Rf3 Rg4 36. Bb6 Bxe4 37. Nxe4 Rxe4 38. Kc1 f5 39. Rc3 Bd6 40.
Rd3 Ke7 41. Bd8+ Kd7 42. Kd2 Rd4 43. Bb6 Rd5 44. Ke2 Rb5 45. Rb3 Rxb3 46. axb3
Ke7 47. Ke3 Kf6 48. g4 Kg5 49. gxf5 exf5 50. c4 e4 51. Bd4 Bf4+ 52. Kf2 Kg4 53.
b4 Bg5 54. b5 axb5 55. cxb5 f4 56. Ke2 f3+ 57. Kf2 e3+ 0-1

[Event "Lichtenrader Herbst 2014"]
[Site "Berlin-Lichtenrade"]
[Date "2014.10.20"]
[Round "3.3"]
[White "Stopa, Jacek"]
[Black "Pixa, Richard"]
[Result "1-0"]
[WhiteElo "2515"]
[BlackElo "1976"]
[PlyCount "35"]
[EventDate "2014.??.??"]

1. d4 d5 2. c4 e6 3. Nc3 c6 4. e3 Nf6 5. Nf3 Nbd7 6. Bd3 dxc4 7. Bxc4 b5 8. Bb3
a6 9. O-O Bb7 10. a4 b4 11. Ne2 c5 12. Nf4 Be7 13. Ng5 Nd5 14. Ngxe6 fxe6 15.
Nxe6 Qb6 16. Bxd5 Nf6 17. dxc5 Qa7 18. Nxg7+ 1-0

[Event "Lichtenrader Herbst 2014"]
[Site "Berlin-Lichtenrade"]
[Date "2014.10.20"]
[Round "3.4"]
[White "Gebigke, Martin"]
[Black "Milanovic, Danilo"]
[Result "0-1"]
[WhiteElo "2162"]
[BlackElo "2485"]
[PlyCount "66"]
[EventDate "2014.??.??"]

1. d4 Nf6 2. c4 c5 3. d5 b5 4. cxb5 a6 5. bxa6 g6 6. Nc3 Bg7 7. g3 d6 8. Bg2
Nbd7 9. Nf3 Nb6 10. O-O Bxa6 11. Ne1 O-O 12. Rb1 Nc4 13. b3 Qa5 14. Na4 Rfb8
15. Qc2 Nb6 16. Bd2 Qb5 17. Nc3 Qd7 18. Nd3 Ne8 19. Rfe1 Nc7 20. a4 Bxc3 21.
Bxc3 Nbxd5 22. Ba1 Ra7 23. Rbd1 Qe6 24. e4 Bxd3 25. Rxd3 Nb4 26. Qc3 f6 27.
Rdd1 Nc6 28. Bf1 Rxb3 29. Qc1 Rxa4 30. f4 Rbb4 31. Bd3 Nd4 32. Qe3 Rb3 33. Qf2
Rxa1 0-1

[Event "Lichtenrader Herbst 2014"]
[Site "Berlin-Lichtenrade"]
[Date "2014.10.20"]
[Round "3.5"]
[White "Kovalev, Andrei"]
[Black "Nowka, Oliver"]
[Result "1-0"]
[WhiteElo "2475"]
[BlackElo "2050"]
[PlyCount "103"]
[EventDate "2014.??.??"]

1. e4 d6 2. d4 Nf6 3. Nc3 e5 4. Nge2 Nbd7 5. g3 c6 6. a4 a5 7. Bg2 Be7 8. h3
O-O 9. O-O Re8 10. g4 exd4 11. Nxd4 Nc5 12. g5 Nfd7 13. Nf5 Ne5 14. f4 Bxf5 15.
exf5 Ned7 16. Be3 d5 17. Bd4 Bf8 18. Qh5 Ne4 19. Nxe4 dxe4 20. Rad1 Qc7 21.
Rde1 Bc5 22. Bxc5 Nxc5 23. g6 h6 24. f6 b6 25. f5 fxg6 26. fxg6 Re5 27. Rf5
gxf6 28. Rxe5 Qxe5 29. Qxh6 Ra7 30. Rd1 Ne6 31. Qe3 Qc5 32. Qxc5 Nxc5 33. Rd6
f5 34. Rf6 Kg7 35. Rxf5 Kxg6 36. Rf4 Re7 37. Kf2 Nxa4 38. Bxe4+ Kg5 39. Rg4+
Kf6 40. b3 Nc3 41. Bd3 Nd1+ 42. Kf3 Re3+ 43. Kf4 Rxh3 44. Rg6+ Ke7 45. Rxc6
Rh4+ 46. Ke5 Rh5+ 47. Kf4 Rh4+ 48. Kg5 Rb4 49. Bf5 Nb2 50. Re6+ Kd8 51. Kf6 a4
52. Rc6 1-0

[Event "Lichtenrader Herbst 2014"]
[Site "Berlin-Lichtenrade"]
[Date "2014.10.20"]
[Round "3.6"]
[White "Krefenstein, Sergej"]
[Black "Kurayan, Ruslan"]
[Result "0-1"]
[WhiteElo "2102"]
[BlackElo "2404"]
[PlyCount "62"]
[EventDate "2014.??.??"]

1. e4 c5 2. Nf3 d6 3. d4 cxd4 4. Nxd4 Nf6 5. Nc3 g6 6. Be3 Bg7 7. f3 O-O 8. Qd2
Nc6 9. Bc4 Bd7 10. O-O-O Qa5 11. Bb3 Rfc8 12. Kb1 Ne5 13. h4 Nc4 14. Bxc4 Rxc4
15. Nb3 Qc7 16. g4 Rc8 17. e5 Ne8 18. Nd5 Qd8 19. exd6 Nxd6 20. Rc1 Ra4 21. Bg5
f6 22. Bf4 Nc4 23. Qe2 e6 24. Nc3 Na3+ 25. bxa3 Rxf4 26. Ne4 Qe7 27. Qe3 e5 28.
Nbc5 Be8 29. g5 f5 30. Nf6+ Bxf6 31. gxf6 Qxc5 0-1

[Event "Lichtenrader Herbst 2014"]
[Site "Berlin-Lichtenrade"]
[Date "2014.10.20"]
[Round "3.7"]
[White "Meister, Jakob"]
[Black "Welz, Peter"]
[Result "1-0"]
[WhiteElo "2466"]
[BlackElo "2081"]
[PlyCount "81"]
[EventDate "2014.??.??"]

1. d4 f5 2. Nc3 Nf6 3. Bg5 e6 4. e4 fxe4 5. Nxe4 Be7 6. Bxf6 Bxf6 7. Qh5+ g6 8.
Qh6 d5 9. Nxf6+ Qxf6 10. Nf3 Nc6 11. Bb5 Bd7 12. Bxc6 bxc6 13. O-O-O Rb8 14. c3
c5 15. dxc5 Rb5 16. Qe3 O-O 17. Rd2 a5 18. Nd4 Rbb8 19. c6 Bc8 20. Re1 a4 21.
g3 a3 22. b3 Re8 23. f4 Rb6 24. h4 h5 25. Qe5 Qxe5 26. Rxe5 Kf7 27. Rde2 Rd8
28. Nxe6 Bxe6 29. Rxe6 d4 30. Re7+ Kf6 31. Rxc7 dxc3 32. Kc2 Kf5 33. Rd7 Rc8
34. Re5+ Kg4 35. Rg5+ Kh3 36. Rxg6 Re8 37. Kxc3 Re2 38. Rd2 Re3+ 39. Kd4 Rxg3
40. Rxg3+ Kxg3 41. Kc5 1-0

[Event "Lichtenrader Herbst 2014"]
[Site "Berlin-Lichtenrade"]
[Date "2014.10.20"]
[Round "3.8"]
[White "Noetzel, Felix"]
[Black "Figura, Atila Gajo"]
[Result "0-1"]
[WhiteElo "2092"]
[BlackElo "2372"]
[PlyCount "122"]
[EventDate "2014.??.??"]

1. e4 d6 2. d4 g6 3. Nc3 Bg7 4. Be3 a6 5. Qd2 b5 6. h4 h6 7. O-O-O Nd7 8. f4
Ngf6 9. e5 b4 10. Nce2 Ne4 11. Qe1 h5 12. Ng3 Nxg3 13. Qxg3 Nb6 14. Bd3 Bg4 15.
Nf3 Qd7 16. Rde1 Bf5 17. Bxf5 Qxf5 18. Ng5 O-O 19. Qf3 a5 20. Reg1 b3 21. axb3
a4 22. Qe4 axb3 23. Qxf5 gxf5 24. cxb3 Nd5 25. Bd2 Rfb8 26. Kc2 Ra6 27. Rh3
Rc6+ 28. Kb1 Rcb6 29. Kc2 dxe5 30. fxe5 f6 31. Nf3 Rxb3 32. Bc1 f4 33. g4 hxg4
34. Rxg4 f5 35. Rg1 Ne3+ 36. Kb1 Ng4 37. Ng5 Rxh3 38. Nxh3 f3 39. Rf1 c5 40.
dxc5 Nxe5 41. Ng5 Rb5 42. c6 Nxc6 43. Rxf3 Nd4 44. Ra3 Bf6 45. Ra8+ Kg7 46. h5
f4 47. Ne4 Be5 48. Ra6 e6 49. Ra7+ Kh6 50. Rf7 Ne2 51. Nf6 Kg5 52. Nd7 Bd6 53.
Bd2 Kxh5 54. Kc2 Kg4 55. Nf6+ Kf3 56. Bc3 Nxc3 57. bxc3 Rf5 58. Rd7 Rxf6 59.
Rxd6 Kg3 60. Kd2 f3 61. Ke1 Kg2 0-1

[Event "Lichtenrader Herbst 2014"]
[Site "Berlin-Lichtenrade"]
[Date "2014.10.20"]
[Round "3.9"]
[White "Kalinitschew, Sergey"]
[Black "Brunner, Karl"]
[Result "1/2-1/2"]
[WhiteElo "2389"]
[BlackElo "1994"]
[PlyCount "121"]
[EventDate "2014.??.??"]

1. d4 d5 2. c4 e6 3. Nc3 Nf6 4. Bg5 Nbd7 5. e3 Be7 6. Nf3 O-O 7. Bd3 h6 8. Bh4
c5 9. cxd5 Nxd5 10. Bg3 Nxc3 11. bxc3 Nf6 12. O-O b6 13. e4 cxd4 14. cxd4 Bb7
15. Qe2 Nh5 16. Be5 Bd6 17. Qe3 g5 18. g3 f6 19. Bxd6 Qxd6 20. Rad1 Qe7 21. Bc4
Kh8 22. Rfe1 Rac8 23. Qb3 Ng7 24. d5 Qc5 25. Bb5 exd5 26. exd5 Rcd8 27. Bc4 b5
28. Qxb5 Qxb5 29. Bxb5 Rxd5 30. Rxd5 Bxd5 31. Nd4 Bxa2 32. Ra1 Bd5 33. f3 Rf7
34. Rc1 Bb7 35. Kf2 a6 36. Ba4 f5 37. Rc5 g4 38. f4 Be4 39. Rc8+ Kh7 40. Rd8
Rc7 41. Bb3 a5 42. Bg8+ Kh8 43. Bd5+ Kh7 44. Bxe4 fxe4 45. Ke3 a4 46. Ra8 Rc4
47. f5 Nh5 48. Ra7+ Kg8 49. Kxe4 Rb4 50. Ke5 Rb2 51. Rxa4 Rxh2 52. Ra6 Nxg3 53.
Ra8+ Kf7 54. Ra7+ Kg8 55. f6 Rf2 56. Ke6 Ne4 57. Rg7+ Kf8 58. Ra7 Ng5+ 59. Ke5
Nf7+ 60. Ke6 Ng5+ 61. Ke5 1/2-1/2

[Event "Lichtenrader Herbst 2014"]
[Site "Berlin-Lichtenrade"]
[Date "2014.10.20"]
[Round "3.10"]
[White "De Andres Gonalons, Fernando"]
[Black "Giemsa, Stephan"]
[Result "0-1"]
[WhiteElo "2037"]
[BlackElo "2331"]
[PlyCount "80"]
[EventDate "2014.??.??"]

1. d4 Nf6 2. c4 g6 3. g3 Bg7 4. Bg2 d5 5. cxd5 Nxd5 6. Nf3 Nb6 7. O-O Nc6 8. e3
O-O 9. Nc3 Re8 10. Ne1 e5 11. d5 Na5 12. e4 c6 13. Be3 Nac4 14. Bxb6 Nxb6 15.
dxc6 bxc6 16. Nc2 a5 17. Qc1 a4 18. Nb4 Qd6 19. a3 Be6 20. Rd1 Qc5 21. Ne2 Nc4
22. h3 Bf8 23. Bf1 Qb6 24. Nd3 Na5 25. Qc3 Nb3 26. Rab1 f6 27. Kg2 c5 28. Ndc1
Nd4 29. Nxd4 cxd4 30. Qd2 Bxa3 31. Nd3 Bd6 32. Rdc1 Rec8 33. Be2 Qb7 34. f4
Qxe4+ 35. Bf3 Bxh3+ 36. Kf2 Qe3+ 37. Qxe3 dxe3+ 38. Ke2 Rab8 39. fxe5 Bxe5 40.
Kxe3 Bxg3 0-1

[Event "Lichtenrader Herbst 2014"]
[Site "Berlin-Lichtenrade"]
[Date "2014.10.20"]
[Round "3.11"]
[White "Sukhar, Vitali"]
[Black "Lerch, Philipp"]
[Result "0-1"]
[WhiteElo "2000"]
[BlackElo "2297"]
[PlyCount "94"]
[EventDate "2014.??.??"]

1. e4 c5 2. Nf3 Nc6 3. Bb5 g6 4. c3 Bg7 5. O-O e5 6. Na3 Nge7 7. Nc2 O-O 8. d4
cxd4 9. cxd4 Nxd4 10. Nfxd4 exd4 11. Nxd4 d5 12. e5 Bxe5 13. Re1 Qd6 14. h3 Nf5
15. Nf3 Bf6 16. a3 Be6 17. g4 Ne7 18. Qe2 a6 19. Ba4 b5 20. Bb3 Nc6 21. Bh6
Rfe8 22. Rad1 d4 23. Qd3 Rad8 24. Re4 Bxb3 25. Rxe8+ Rxe8 26. Qxb3 Bg7 27. Be3
Qe6 28. Qxe6 Rxe6 29. Bd2 Ne5 30. Nxe5 Rxe5 31. Re1 Rxe1+ 32. Bxe1 d3 33. Kf1
Bxb2 34. Bb4 f6 35. Ke1 Bd4 36. f3 Be3 37. Bd2 Bc5 38. Bb4 Be3 39. Bd2 Bxd2+
40. Kxd2 Kf7 41. Kxd3 Ke6 42. Kd4 Kd6 43. h4 f5 44. h5 gxh5 45. gxh5 h6 46. f4
a5 47. Ke3 Kd5 0-1

[Event "Lichtenrader Herbst 2014"]
[Site "Berlin-Lichtenrade"]
[Date "2014.10.20"]
[Round "3.12"]
[White "Kunz, Andre"]
[Black "Sawlin, Leonid"]
[Result "1/2-1/2"]
[WhiteElo "2011"]
[BlackElo "2143"]
[PlyCount "128"]
[EventDate "2014.??.??"]

1. e4 e6 2. d3 d5 3. Nd2 Nf6 4. Ngf3 c5 5. g3 Nc6 6. Bg2 Be7 7. O-O O-O 8. Re1
b5 9. e5 Nd7 10. Nf1 b4 11. h4 a5 12. h5 Ba6 13. h6 g6 14. N1h2 Qc7 15. Ng4
Rfc8 16. Bf4 Qd8 17. Qd2 a4 18. Bg5 Bxg5 19. Nxg5 Nd4 20. c3 Nf5 21. c4 dxc4
22. Bxa8 Rxa8 23. dxc4 Nd4 24. Re4 Bxc4 25. Rxd4 cxd4 26. Ne4 f5 27. exf6 Qb6
28. Qf4 Rf8 29. Nd6 e5 30. Nxc4 exf4 31. Nxb6 Nxb6 32. Rc1 d3 33. Rd1 Rd8 34.
Ne5 d2 35. Kf1 fxg3 36. fxg3 Rd6 37. f7+ Kf8 38. Kf2 b3 39. axb3 axb3 40. Ke3
Nd7 41. Nxd7+ Rxd7 42. Rxd2 Re7+ 43. Kd4 Kxf7 44. Rf2+ Ke8 45. Rf3 Rb7 46. Kc4
Ke7 47. Rxb3 Rc7+ 48. Kd4 Kf6 49. Rb5 g5 50. g4 Rc6 51. Kd5 Ra6 52. Rc5 Ra4 53.
Rc6+ Kf7 54. Rc4 Ra5+ 55. Ke4 Rb5 56. b4 Kg6 57. Rc6+ Kf7 58. Rc5 Rxb4+ 59. Kf5
Rb8 60. Kxg5 Kg8 61. Rc6 Rf8 62. Kh5 Kh8 63. Rc7 Kg8 64. g5 Kh8 1/2-1/2

[Event "Lichtenrader Herbst 2014"]
[Site "Berlin-Lichtenrade"]
[Date "2014.10.20"]
[Round "3.13"]
[White "Gressmann, Moritz"]
[Black "Dimitrijeski, Kristian"]
[Result "1-0"]
[WhiteElo "1977"]
[BlackElo "2202"]
[PlyCount "71"]
[EventDate "2014.??.??"]

1. e4 c6 2. c4 d5 3. exd5 cxd5 4. cxd5 Nf6 5. Nc3 Nxd5 6. d4 g6 7. Nf3 Bg7 8.
Be2 O-O 9. O-O Nc6 10. Bg5 Nb6 11. a4 Nxd4 12. Nxd4 Qxd4 13. a5 Nd7 14. Nd5
Qxb2 15. Rb1 Qe5 16. Bf4 Qe6 17. Nc7 Qe4 18. Be3 Rb8 19. Bxa7 Be5 20. Bxb8 Nxb8
21. Nd5 Nc6 22. Bf3 Qh4 23. g3 Qh3 24. Re1 Bd6 25. Nxe7+ Bxe7 26. Bxc6 Rd8 27.
Bg2 Qf5 28. Qf3 Qg5 29. h4 Qc5 30. Qe3 Qxe3 31. Rxe3 Bc5 32. Re5 Bf5 33. Rbe1
Bb4 34. Re8+ Kg7 35. Rxd8 Bxe1 36. Ra8 1-0

[Event "Lichtenrader Herbst 2014"]
[Site "Berlin-Lichtenrade"]
[Date "2014.10.20"]
[Round "3.14"]
[White "Ziese, Gerhard"]
[Black "Kierzek, Matthias"]
[Result "0-1"]
[WhiteElo "1952"]
[BlackElo "2224"]
[PlyCount "94"]
[EventDate "2014.??.??"]

1. d4 d5 2. c4 e6 3. Nf3 c5 4. Nc3 cxd4 5. Nxd4 e5 6. Nc2 d4 7. Nd5 Nf6 8. Bg5
Be7 9. Bxf6 Bxf6 10. e4 O-O 11. Bd3 Nd7 12. b4 a5 13. a3 Nb6 14. O-O Nxd5 15.
cxd5 Bd7 16. b5 Rc8 17. a4 Rc3 18. Na3 Qc7 19. Rc1 Rc8 20. Nc4 Qc5 21. Rxc3
dxc3 22. Qc2 Qd4 23. Nxa5 Be7 24. Ra1 Ra8 25. Nb3 Rxa4 26. Rxa4 Qxa4 27. Qxc3
Bxb5 28. Bxb5 Qxb5 29. g3 Bf8 30. Nd2 Qe2 31. Qe3 Qxe3 32. fxe3 b5 33. Kf2 Bb4
34. Nb3 Kf8 35. h3 Ke7 36. Ke2 Kd6 37. Kd1 f5 38. exf5 Kxd5 39. Ke2 h5 40. g4
hxg4 41. hxg4 Be7 42. Nd2 e4 43. Nb3 Bf6 44. Nd2 Bc3 45. Kd1 Bxd2 46. Kxd2 b4
47. Kc2 Ke5 0-1

[Event "Lichtenrader Herbst 2014"]
[Site "Berlin-Lichtenrade"]
[Date "2014.10.20"]
[Round "3.15"]
[White "Schnabel, Ralf"]
[Black "Hoermann, David"]
[Result "1/2-1/2"]
[WhiteElo "2205"]
[BlackElo "1973"]
[PlyCount "120"]
[EventDate "2014.??.??"]

1. e4 c5 2. Nf3 d6 3. d4 cxd4 4. Nxd4 Nf6 5. Nc3 a6 6. Be2 e6 7. O-O Be7 8. f4
O-O 9. Kh1 Qc7 10. Qe1 b5 11. a3 Bb7 12. Bf3 Nc6 13. Be3 Nxd4 14. Bxd4 e5 15.
fxe5 dxe5 16. Qg3 Nd7 17. Rad1 Rfd8 18. Bg4 Bc5 19. Bxd7 Bxd4 20. Rxd4 Rxd7 21.
Rxd7 Qxd7 22. Qxe5 Re8 23. Qf4 f6 24. h3 Qe6 25. Re1 g6 26. Rd1 Bxe4 27. Nxe4
Qxe4 28. Qxf6 Qe6 29. Rd6 Qxf6 30. Rxf6 Re1+ 31. Kh2 Re2 32. Rc6 Kg7 33. Kg3
Rd2 34. Kf3 h5 35. h4 Kf7 36. g3 Kg7 37. Kf4 Rf2+ 38. Ke3 Rg2 39. Kf3 Rd2 40.
b4 Kf7 41. Kf4 Rf2+ 42. Ke3 Rg2 43. Kf3 Rd2 44. Rc3 Ke6 45. Kf4 Kf6 46. Rc6+
Kf7 47. Kg5 Rg2 48. Rf6+ Ke7 49. Rxa6 Rxg3+ 50. Kh6 Rg4 51. Rxg6 Rxh4 52. Rg5
Rh3 53. Rxb5 Rxa3 54. Kxh5 Rc3 55. Rc5 Rxc5+ 56. bxc5 Kd7 57. Kg5 Kc6 58. Kf4
Kxc5 59. Ke3 Kc4 60. Kd2 Kd4 1/2-1/2

[Event "Lichtenrader Herbst 2014"]
[Site "Berlin-Lichtenrade"]
[Date "2014.10.20"]
[Round "3.16"]
[White "Parligras, Cosmin"]
[Black "Lawrenz, Sebastian"]
[Result "1-0"]
[WhiteElo "2261"]
[BlackElo "1814"]
[PlyCount "69"]
[EventDate "2014.??.??"]

1. Nf3 Nf6 2. d4 d5 3. g3 g6 4. Bg2 Bg7 5. O-O O-O 6. c4 c6 7. cxd5 cxd5 8. Nc3
Nc6 9. Ne5 Bf5 10. Bf4 h6 11. Nxc6 bxc6 12. Be5 Ne4 13. Nxe4 Bxe5 14. dxe5 Bxe4
15. Bxe4 dxe4 16. Rc1 Qxd1 17. Rfxd1 Rfd8 18. Kf1 Kf8 19. Ke1 Rxd1+ 20. Kxd1
Rb8 21. b3 Rb5 22. e6 Rd5+ 23. Ke1 c5 24. exf7 a6 25. Rc4 Re5 26. Ra4 Re6 27.
Ra5 Rc6 28. Kd2 Kxf7 29. Ke3 Ke6 30. Kxe4 Kd6 31. Ra4 Kc7 32. Ke3 Kd6 33. Kd3
Ke5 34. Ra5 Kd5 35. b4 1-0

[Event "Lichtenrader Herbst 2014"]
[Site "Berlin-Lichtenrade"]
[Date "2014.10.20"]
[Round "3.17"]
[White "Stigar, Petter"]
[Black "Kutschke, Jens"]
[Result "1-0"]
[WhiteElo "2225"]
[BlackElo "2008"]
[PlyCount "101"]
[EventDate "2014.??.??"]

1. Nf3 f5 2. d3 d5 3. e4 dxe4 4. dxe4 Qxd1+ 5. Kxd1 fxe4 6. Ng5 Bg4+ 7. Be2
Bxe2+ 8. Kxe2 Nc6 9. Be3 h6 10. Nxe4 O-O-O 11. Nbd2 Nf6 12. c3 e5 13. f3 Nd5
14. g3 g6 15. Nc4 Bg7 16. Rad1 b6 17. Rd2 Nxe3 18. Rxd8+ Rxd8 19. Nxe3 Ne7 20.
Nc4 Nf5 21. Rd1 Rxd1 22. Kxd1 Kd7 23. Ke2 Nd6 24. Kd3 Ke6 25. Ne3 Nf5 26. a4
Bf8 27. Nc4 Be7 28. b4 Kd5 29. Nf2 h5 30. Ne4 Nd6 31. Ne3+ Ke6 32. Nxd6 Bxd6
33. Ke4 c6 34. b5 cxb5 35. axb5 Bc7 36. Nc4 Bb8 37. h3 Bd6 38. Nd2 Be7 39. Nc4
Bf6 40. Nb2 Kd6 41. Nd3 Bg7 42. c4 Ke6 43. g4 hxg4 44. fxg4 Bf6 45. h4 Kd6 46.
h5 gxh5 47. gxh5 Bg7 48. Kf5 Bh6 49. Nxe5 Kc5 50. Kg6 Bf4 51. Nd3+ 1-0

[Event "Lichtenrader Herbst 2014"]
[Site "Berlin-Lichtenrade"]
[Date "2014.10.20"]
[Round "3.18"]
[White "Rietze, Clemens"]
[Black "Steiner, Wolfram"]
[Result "1-0"]
[WhiteElo "2251"]
[BlackElo "1982"]
[PlyCount "81"]
[EventDate "2014.??.??"]

1. d4 d5 2. c4 c6 3. Nf3 Nf6 4. Nc3 dxc4 5. a4 Bf5 6. Ne5 Nbd7 7. Nxc4 Qc7 8.
g3 e5 9. dxe5 Nxe5 10. Bf4 Nfd7 11. Bg2 g5 12. Nxe5 gxf4 13. Nxd7 O-O-O 14. Qd4
Qxd7 15. Qxf4 Bd6 16. Qh6 Bb4 17. O-O Bxc3 18. bxc3 Qd2 19. Qh5 Be6 20. Qa5
Qxe2 21. Qxa7 Bd5 22. Rfe1 Qa6 23. Bh3+ Be6 24. Bxe6+ fxe6 25. Qxa6 bxa6 26.
Rxe6 Kc7 27. Rae1 Rd2 28. R1e2 Rhd8 29. f4 Rxe2 30. Rxe2 Rd1+ 31. Kf2 Rc1 32.
f5 Rxc3 33. f6 Rc5 34. g4 Rc4 35. Kg3 Rc3+ 36. Kf4 Rc1 37. Kf5 Kd7 38. Re7+ Kd6
39. Rxh7 Rf1+ 40. Kg6 c5 41. Rh8 1-0

[Event "Lichtenrader Herbst 2014"]
[Site "Berlin-Lichtenrade"]
[Date "2014.10.20"]
[Round "3.19"]
[White "Lagunow, Raphael"]
[Black "Buttkus, Andre"]
[Result "1-0"]
[WhiteElo "2205"]
[BlackElo "2044"]
[PlyCount "81"]
[EventDate "2014.??.??"]

1. Nf3 c5 2. c4 Nf6 3. Nc3 e6 4. g3 b6 5. Bg2 Bb7 6. O-O Be7 7. d4 cxd4 8. Qxd4
d6 9. Rd1 a6 10. Bg5 Nbd7 11. Qd2 O-O 12. Bf4 Ne8 13. Rac1 Qc7 14. b3 Rd8 15.
e4 Ne5 16. Nd4 Nf6 17. h3 Rfe8 18. Be3 Ned7 19. g4 h6 20. f3 Qb8 21. h4 Bf8 22.
g5 hxg5 23. hxg5 Nh5 24. g6 fxg6 25. Bh3 Nc5 26. b4 e5 27. Nde2 Ne6 28. Nd5 Bc6
29. Nxb6 g5 30. b5 axb5 31. cxb5 Bxb5 32. Bxe6+ Rxe6 33. Qd5 Bxe2 34. Qxe6+ Kh7
35. Rd2 Bb5 36. Rh2 g6 37. Qf7+ Bg7 38. Rc7 Bd7 39. Nxd7 Qb1+ 40. Bc1 Rxd7 41.
Qxd7 1-0

[Event "Lichtenrader Herbst 2014"]
[Site "Berlin-Lichtenrade"]
[Date "2014.10.21"]
[Round "4.1"]
[White "Figura, Atila Gajo"]
[Black "Perunovic, Milos"]
[Result "0-1"]
[WhiteElo "2372"]
[BlackElo "2620"]
[PlyCount "94"]
[EventDate "2014.??.??"]

1. Nf3 Nf6 2. c4 c5 3. Nc3 e6 4. g3 b6 5. Bg2 Bb7 6. O-O a6 7. d4 cxd4 8. Qxd4
Nc6 9. Qf4 Ne7 10. b3 Ng6 11. Qd2 Rc8 12. Bb2 Be7 13. Rfe1 O-O 14. e4 Qc7 15.
h3 d6 16. Rad1 Qb8 17. Nd4 Rfe8 18. Kh2 Bd8 19. a4 Bc7 20. Kg1 Rcd8 21. f4 h5
22. Qf2 Ba8 23. Kh1 Bb7 24. Bc1 Qa8 25. f5 Nf8 26. Bg5 N8h7 27. Bh4 Rd7 28.
fxe6 fxe6 29. Qe3 d5 30. Bxf6 Nxf6 31. Nde2 Rf7 32. Nf4 d4 33. Rxd4 e5 34. Rd2
exf4 35. gxf4 Ng4 36. hxg4 Bxf4 37. Qe2 Bxd2 38. Qxd2 hxg4 39. Qg5 Qc8 40. Nd5
Bxd5 41. cxd5 Qc3 42. Qe3 Qe5 43. Kg1 Rf6 44. Qe2 Rh6 45. Qxg4 Qd4+ 46. Kf1
Rf8+ 47. Bf3 Rg6 0-1

[Event "Lichtenrader Herbst 2014"]
[Site "Berlin-Lichtenrade"]
[Date "2014.10.21"]
[Round "4.2"]
[White "Danin, Alexandre"]
[Black "Meister, Jakob"]
[Result "1/2-1/2"]
[WhiteElo "2564"]
[BlackElo "2466"]
[PlyCount "155"]
[EventDate "2014.??.??"]

1. e4 e5 2. Nf3 Nc6 3. d4 exd4 4. Nxd4 Bc5 5. Nb3 Bb4+ 6. Bd2 Qh4 7. Qe2 Bxd2+
8. N3xd2 d6 9. Nc3 Nf6 10. O-O-O O-O 11. f3 Re8 12. Qe1 Qxe1 13. Rxe1 Be6 14.
Bb5 Bd7 15. Nd5 Nxd5 16. exd5 Ne5 17. Rxe5 Bxb5 18. Rxe8+ Bxe8 19. Nb1 f5 20.
Nc3 Bd7 21. f4 Kf7 22. Kd2 h6 23. Re1 Re8 24. Re3 g5 25. Ne2 Bb5 26. Rc3 c5 27.
dxc6 Bxc6 28. g3 Kg6 29. Rd3 Rd8 30. c4 Rd7 31. Rd4 Kf6 32. Nc3 Ke6 33. Ke3 Rh7
34. Ne2 Be4 35. Rd2 a6 36. Nd4+ Kf6 37. Nb3 Ke7 38. Nd4 g4 39. Ne2 h5 40. Kd4
Ke6 41. a4 b6 42. Ke3 h4 43. gxh4 Rxh4 44. Ng3 Rh3 45. Kd4 Bf3 46. Kc3 Rh8 47.
Kb4 Rc8 48. b3 Rc5 49. Rd3 a5+ 50. Kc3 Rc8 51. Re3+ Kf6 52. Rd3 d5 53. Rd2 Ke6
54. Nf1 dxc4 55. bxc4 Bc6 56. Rb2 Bxa4 57. Rxb6+ Bc6 58. Ne3 Kd7 59. Nxf5 Rh8
60. Ra6 Rxh2 61. Ra7+ Kd8 62. Rxa5 Rh3+ 63. Kd2 g3 64. Ne3 g2 65. Rg5 Rh1 66.
Nxg2 Rh2 67. Ke3 Bxg2 68. c5 Bc6 69. Rg6 Be8 70. Rd6+ Ke7 71. f5 Rc2 72. Kd4
Bf7 73. f6+ Ke8 74. c6 Bb3 75. Ke5 Rc5+ 76. Kd4 Rc1 77. Ke5 Rc5+ 78. Kd4
1/2-1/2

[Event "Lichtenrader Herbst 2014"]
[Site "Berlin-Lichtenrade"]
[Date "2014.10.21"]
[Round "4.3"]
[White "Giemsa, Stephan"]
[Black "Stopa, Jacek"]
[Result "0-1"]
[WhiteElo "2331"]
[BlackElo "2515"]
[PlyCount "46"]
[EventDate "2014.??.??"]

1. d4 d6 2. c4 f5 3. Nc3 Nf6 4. Bg5 Nbd7 5. h4 e6 6. e4 fxe4 7. Nxe4 Be7 8.
Nxf6+ Nxf6 9. Bd3 e5 10. dxe5 dxe5 11. Qc2 Bb4+ 12. Kf1 Qe7 13. Nf3 Bg4 14.
Nxe5 Qxe5 15. Qa4+ c6 16. Qxb4 O-O-O 17. Re1 Qd4 18. Be2 Rhe8 19. Be3 Bxe2+ 20.
Rxe2 Qe4 21. Rh3 Rd1+ 22. Re1 Qd3+ 23. Kg1 Ng4 0-1